|
|
|
|
| LEADER |
02611nam a2200625 i 4500 |
| 001 |
nkc20243639954 |
| 003 |
CZ PrNK |
| 005 |
20250217154328.0 |
| 007 |
ta |
| 008 |
241122s2024 xr abchc p 001 0 cze |
| 015 |
|
|
|a cnb003639954
|
| 020 |
|
|
|a 978-80-7600-583-9
|q (brožováno)
|
| 035 |
|
|
|a (OCoLC)1483791602
|
| 040 |
|
|
|a ABA001
|b cze
|e rda
|
| 072 |
|
7 |
|a 93/94
|x Dějiny (obecně)
|2 Konspekt
|9 8
|
| 072 |
|
7 |
|a 37.016
|x Učební osnovy. Vyučovací předměty. Učebnice
|2 Konspekt
|9 22
|
| 080 |
|
|
|a 93/94
|2 MRF
|
| 080 |
|
|
|a 94"04/14"
|2 MRF
|
| 080 |
|
|
|a 94"15/..."
|2 MRF
|
| 080 |
|
|
|a (075.2)
|2 MRF
|
| 080 |
|
|
|a (075.3)
|2 MRF
|
| 100 |
1 |
|
|a Vykoupil, Libor,
|d 1956-
|7 jn20000919274
|4 aut
|
| 245 |
1 |
0 |
|a Dějepis 7 :
|b vzdělávací oblast Člověk a společnost : učebnice vytvořená v souladu s RVP ZV.
|p Středověk, počátky novověku /
|c Libor Vykoupil, Robert Antonín, Marie Fejfušová
|
| 246 |
3 |
0 |
|a Člověk a společnost
|
| 246 |
3 |
0 |
|a Středověk, počátky novověku
|
| 246 |
1 |
8 |
|a Dějepis - středověk, počátky novověku
|
| 250 |
|
|
|a Deváté vydání
|
| 264 |
|
1 |
|a Brno :
|b Nová škola, s.r.o.,
|c 2024
|
| 300 |
|
|
|a 128 stran :
|b ilustrace (převážně barevné), mapy, portréty, faksimile ;
|c 30 cm
|
| 336 |
|
|
|a text
|b txt
|2 rdacontent
|
| 337 |
|
|
|a bez média
|b n
|2 rdamedia
|
| 338 |
|
|
|a svazek
|b nc
|2 rdacarrier
|
| 490 |
1 |
|
|a Duhová řada
|
| 500 |
|
|
|a "Obsah odpovídá 8. aktualizovanému vydání"--Obálka
|
| 500 |
|
|
|a Klíč ke cvičením tištěn zvratmo
|
| 504 |
|
|
|a Obsahuje bibliografické odkazy a rejstříky
|
| 521 |
8 |
|
|a Doporučeno pro 7. ročník základní školy a odpovídající ročníky víceletého gymnázia
|
| 650 |
0 |
7 |
|a dějepis
|7 ph117186
|2 czenas
|
| 650 |
0 |
7 |
|a středověk
|7 ph126223
|x dějiny
|2 czenas
|
| 650 |
0 |
7 |
|a novověk
|7 ph117243
|x dějiny
|2 czenas
|
| 650 |
0 |
9 |
|a history (school subject)
|2 eczenas
|
| 650 |
0 |
9 |
|a middle ages
|x history
|2 eczenas
|
| 650 |
0 |
9 |
|a modern history
|2 eczenas
|
| 655 |
|
7 |
|a učebnice základních škol
|7 fd133773
|2 czenas
|
| 655 |
|
7 |
|a učebnice středních škol
|7 fd133771
|2 czenas
|
| 655 |
|
9 |
|a textbooks (elementary)
|2 eczenas
|
| 655 |
|
9 |
|a textbooks (secondary)
|2 eczenas
|
| 700 |
1 |
|
|a Antonín, Robert,
|d 1977-
|7 js20060303001
|4 aut
|
| 700 |
1 |
|
|a Fejfušová, Marie
|7 mzk2009512620
|4 aut
|
| 830 |
|
0 |
|a Duhová řada
|0 s
|
| 910 |
2 |
|
|a BOA001
|b 4-1538.308
|
| 990 |
|
|
|a BK
|
| 995 |
|
|
|a 01
|
| 996 |
6 |
|
|b 2610991574
|c 4-1538.308
|l MZK
|r Sklad / do 1 hodiny
|n 0
|p p.v.
|w 001990120
|u 000010
|a 1
|e BOA001
|j MZK50
|s P
|
| 996 |
7 |
|
|b 2610991575
|c 4-1538.308
|l MZK
|r Sklad / do 1 hodiny
|n 0
|p p.v.
|w 001990120
|u 000020
|a 1
|e BOA001
|j MZK50
|s A
|